000 00536cam a2200193ua 4500
020 _a0-00-383245-7
041 _aeng
_h
082 _a532.01624
_bFEA/CI
100 _aFeatherstone, R E .
245 _aCivil engineering hydraulics: Essential theory with worked examples /
_cR E Featherstone.
_hTextual Documents
250 _a1 /
_b.
260 _aLondon :
_bEnglish Language Book Society ,
_c1985.
300 _a371 ; .
504 _a
700 1 _aNalluri, C .
942 _cBK
999 _c7390
_d7390